Aunque no soy literaria: Rosa Araneda en la poesía popular del siglo XIX

I tiakina i:
Ngā taipitopito rārangi puna kōrero
Kaituhi matua: Navarrete Araya, Micaela (autora)
Hōputu: Pukapuka
Reo:Pāniora
I whakaputaina: Santiago Dirección de Biblioteca Archivos y Museos 1998
Rangatū:Colección de Documentos de Folklore
Ngā marau:
Ngā Tūtohu: Tāpirihia he Tūtohu
Kāore He Tūtohu, Me noho koe te mea tuatahi ki te tūtohu i tēnei pūkete!

MARC

LEADER 00000nam a2200000 a 4500
001 UCP5394
003 CL-VaPUC
008 990910e19980000CL |||||||||||||||||spa|d
082 0 4 |a 398.2  |b NAV  |2 21 
100 |a Navarrete Araya, Micaela  |e autora  |9 568345 
245 1 0 |a Aunque no soy literaria: Rosa Araneda en la poesía popular del siglo XIX 
300 |a 302 p 
942 |c BK 
945 |d 19990910 00:00:00  |a rbrito 
260 |a Santiago  |b Dirección de Biblioteca Archivos y Museos  |c 1998 
500 |a Incluye 10 postales 
600 0 7 |a ARANEDA, ROSA  |2 CL-VaPUC  |9 433761 
650 0 |a Poesías chilenas   |9 265280 
650 0 |a Literatura folklórica  |9 306605 
650 7 |a FOLKLORE CHILENO SIGLO 19  |2 CL-VaPUC  |9 433762 
650 0 |a Canto a lo divino  |9 433763 
650 0 |a Canto a lo humano  |9 433764 
583 |a last modification  |c 19990910 00:00:00  |k Rodrigo Vera 
490 0 |a Colección de Documentos de Folklore 
999 |c 283148  |d 283146 
952 |0 0  |1 0  |4 0  |6 398_200000000000000_NAV_1998  |7 0  |8 A  |9 325967  |a BIBEDU  |b BIBEDU  |d 2019-11-20  |i 354219K  |o 398.2 NAV 1998  |p 354219K  |r 2023-01-12  |w 2019-11-20  |y BK  |k MUS 
952 |0 0  |1 0  |4 0  |6 398_200000000000000_NAV_1998  |7 0  |8 X  |9 325968  |a FDOMLP  |b FDOMLP  |d 2019-11-20  |i 3845230  |o 398.2 NAV 1998  |p 3845230  |r 2019-11-20  |w 2019-11-20  |y BK_X  |k BU2